000
00301nam a2200109Ia 4500
008
171211s9999 xx 000 0 und d
245
_a
Gary Kasparov's on My Great Predecessors
245
_c
Garry Kasparov
260
_c
2003
650
_x
GAMES
856
_u
http://down.ebook777.com/058/185744342X.pdf
999
_c
348872
_d
348872